| 000 | 01019nam a2200313 i 4500 | ||
|---|---|---|---|
| 001 | 8214 | ||
| 003 | KOSZ 005 | ||
| 005 | 20191018140639.0 | ||
| 008 | 970707s1955 pl f f |000 0 pol d | ||
| 040 | _cBPK | ||
| 041 |
_apol _hger |
||
| 080 | _a678.5/.7 | ||
| 080 | _a(083.1) | ||
| 100 | 1 |
_aPabst, Franz _d(1888-1962) _eAutor |
|
| 245 | 1 | 0 |
_aTworzywa sztuczne : _bporadnik / _cF. Pabst. |
| 246 | 3 | 0 |
_iTyt. oryg.: _aKunststoff-Taschenbuch |
| 260 |
_aWarszawa : _bPaństwowe Wydawnictwa Techniczne, _c1955. |
||
| 300 |
_a334 s., [3 k. tabl. złoż.] : _bil. ; _c21 cm. |
||
| 380 | _aKsiążki | ||
| 388 | _a1901-2000 | ||
| 388 | _a1945-1989 | ||
| 658 | _aInżynieria i technika | ||
| 650 | 4 | _aTworzywa sztuczne | |
| 655 | 4 | _aPoradnik | |
| 700 | 1 |
_aMoliński, Stanisław. _eTłumaczenie |
|
| 710 | 2 |
_aPaństwowe Wydawnictwa Techniczne _4pbl. |
|
| 856 |
_uhttp://koha.tu.koszalin.pl/cgi-bin/koha/opac-detail.pl?biblionumber=8214 _yKatalog online BPK |
||
| 942 |
_cKS _2UKD |
||
| 999 |
_c8214 _d8214 |
||